[Event "URS-ch44 First League"]
[Site "Minsk"]
[Date "1976.??.??"]
[Round "?"]
[White "Kupreichik, Viktor D"]
[Black "Chekhov, Valery A"]
[Result "0-1"]
[WhiteElo "2490"]
[BlackElo "2530"]
[PlyCount "73"]
[EventDate "1976.10.??"]
[EventType "tourn"]
[EventRounds "17"]
[EventCountry "URS"]
[SourceTitle "EXT 2001"]
[Source "ChessBase"]
[SourceDate "2000.11.22"]
[SourceVersion "1"]
[SourceVersionDate "2000.11.22"]
[SourceQuality "1"]

1. e4 c5 2. Nf3 Nc6 3. d4 cxd4 4. Nxd4 Nf6 5. Nc3 e5 6. Ndb5 d6 7. Bg5 a6 8.
Na3 b5 9. Nd5 Be7 10. Nxe7 Nxe7 11. Bxf6 gxf6 12. c4 Bb7 13. Bd3 Rg8 14. O-O
bxc4 15. Nxc4 d5 16. exd5 Qxd5 17. f3 Rd8 18. Rf2 e4 19. Be2 exf3 20. Qxd5 Bxd5
21. Bd3 Rxg2+ 22. Rxg2 fxg2 23. Ne3 Bb7 24. Bc4 Rd4 25. b3 Ng6 26. Re1 Kf8 27.
h3 Rd2 28. a4 Nf4 29. Nxg2 Rxg2+ 30. Kf1 Nxh3 31. Re3 Nf4 32. b4 h5 33. b5 axb5
34. Bxb5 h4 35. Bd7 Rd2 36. Bg4 Ra2 37. Rb3 0-1

[Event "URS-ch44 First League"]
[Site "Minsk"]
[Date "1976.??.??"]
[Round "?"]
[White "Sveshnikov, Evgeny"]
[Black "Chekhov, Valery A"]
[Result "0-1"]
[WhiteElo "2510"]
[BlackElo "2530"]
[PlyCount "112"]
[EventDate "1976.10.??"]
[EventType "tourn"]
[EventRounds "17"]
[EventCountry "URS"]
[SourceTitle "EXT 2001"]
[Source "ChessBase"]
[SourceDate "2000.11.22"]
[SourceVersion "1"]
[SourceVersionDate "2000.11.22"]
[SourceQuality "1"]

1. e4 e5 2. d4 exd4 3. Nf3 Bb4+ 4. c3 dxc3 5. bxc3 Be7 6. Bc4 d5 7. exd5 Nf6 8.
Bb3 c6 9. c4 Bb4+ 10. Bd2 Qe7+ 11. Kf1 O-O 12. Nc3 cxd5 13. Nxd5 Nxd5 14. cxd5
Na6 15. Bg5 Qd6 16. Qd4 Bf5 17. h3 Rfe8 18. Bf4 Qc5 19. Rc1 Re4 20. Rxc5 Rxd4
21. Nxd4 Bd3+ 22. Kg1 Nxc5 23. Kh2 Nxb3 24. axb3 Rd8 25. Rd1 Be4 26. f3 Bxd5
27. Nb5 Rd7 28. Nxa7 Be6 29. Rc1 h6 30. Nb5 Bxb3 31. Rb1 Rd3 32. Nd6 Bxd6 33.
Bxd6 Rxd6 34. Rxb3 b6 35. Kg3 Kf8 36. Kf4 Ke7 37. Ke5 Kd7 38. h4 Kc7 39. h5 Rc6
40. g4 Rc5+ 41. Kd4 f5 42. Ra3 fxg4 43. Ra7+ Kc6 44. f4 Rd5+ 45. Ke4 Rd7 46.
Ra1 b5 47. Rg1 b4 48. Rxg4 b3 49. Kf5 b2 50. Rg1 Rb7 51. Rb1 Kd5 52. Kg6 Ke4
53. f5 Rb6+ 54. f6 Rxf6+ 55. Kxg7 Rb6 56. Kh7 Kf5 0-1

[Event "Banja Luka"]
[Site "Banja Luka"]
[Date "1976.??.??"]
[Round "5"]
[White "Kurajica, Bojan"]
[Black "Chekhov, Valery A"]
[Result "0-1"]
[WhiteElo "2525"]
[BlackElo "2530"]
[PlyCount "86"]
[EventDate "1976.12.??"]
[EventType "tourn"]
[EventRounds "15"]
[EventCountry "YUG"]
[EventCategory "10"]
[SourceTitle "MCL"]
[Source "ChessBase"]
[SourceDate "1999.07.01"]
[SourceVersion "1"]
[SourceVersionDate "1999.07.01"]
[SourceQuality "1"]

1. e4 e5 2. Nf3 Nf6 3. Nxe5 d6 4. Nf3 Nxe4 5. d4 d5 6. Be2 Bd6 7. O-O O-O 8. b3
a5 9. a4 Qf6 10. Bb2 Nc6 11. Na3 Bg4 12. Nb5 Rfe8 13. Nxd6 cxd6 14. h3 Bh5 15.
Re1 Nd8 16. Bb5 Re7 17. Re3 Ne6 18. Qf1 Nf4 19. g4 Bg6 20. Rae1 h5 21. Bc1 Rc8
22. c4 Rcc7 23. Nh2 Ng5 24. Bd2 Rxe3 25. Rxe3 Re7 26. h4 Rxe3 27. hxg5 Ne2+ 28.
Kg2 Nf4+ 29. Kg1 Ne2+ 30. Kg2 Be4+ 31. f3 Qxd4 32. Bxe3 Qxe3 33. fxe4 hxg4 34.
Qf2 Qxf2+ 35. Kxf2 g3+ 36. Kg2 gxh2 37. exd5 Nd4 38. c5 dxc5 39. d6 Kf8 40. Bc4
Ke8 41. Kxh2 Nf3+ 42. Kg3 Nxg5 43. Kf4 f6 0-1

[Event "Banja Luka"]
[Site "Banja Luka"]
[Date "1976.??.??"]
[Round "11"]
[White "Andersson, Ulf"]
[Black "Chekhov, Valery A"]
[Result "0-1"]
[WhiteElo "2585"]
[BlackElo "2530"]
[PlyCount "82"]
[EventDate "1976.12.??"]
[EventType "tourn"]
[EventRounds "15"]
[EventCountry "YUG"]
[EventCategory "10"]
[SourceTitle "MCL"]
[Source "ChessBase"]
[SourceDate "1999.07.01"]
[SourceVersion "1"]
[SourceVersionDate "1999.07.01"]
[SourceQuality "1"]

1. Nf3 Nf6 2. g3 d5 3. Bg2 c6 4. O-O Bf5 5. d3 h6 6. b3 e6 7. Bb2 Be7 8. Nbd2
O-O 9. c4 a5 10. a3 Nbd7 11. Rc1 Bh7 12. Rc2 Ne8 13. Qa1 Bf6 14. Ne5 Nxe5 15.
Bxe5 Bxe5 16. Qxe5 Qd6 17. Qxd6 Nxd6 18. Rfc1 Rfd8 19. f4 Kf8 20. Kf2 Ke7 21.
Rb2 f6 22. b4 axb4 23. axb4 Bg6 24. Nb3 Bf7 25. Na5 Kd7 26. c5 Ne8 27. e4 Rdb8
28. exd5 cxd5 29. Nxb7 Kc6 30. Nd6 Nxd6 31. cxd6+ Kxd6 32. Bf3 Be8 33. Be2 Ra4
34. Rcb1 d4 35. Ke1 Bb5 36. Kd2 Rc8 37. Rc2 Rxc2+ 38. Kxc2 Ra2+ 39. Rb2 Rxb2+
40. Kxb2 e5 41. h4 e4 0-1

[Event "Moscow International"]
[Site "Moscow"]
[Date "1982.05.14"]
[Round "5"]
[White "Chekhov, Valery A"]
[Black "Geller, Efim P"]
[Result "1-0"]
[WhiteElo "2460"]
[BlackElo "2545"]
[Annotator "Chekhov,V"]
[PlyCount "89"]
[EventDate "1982.05.09"]
[EventType "tourn"]
[EventRounds "13"]
[EventCountry "URS"]
[EventCategory "10"]
[SourceTitle "MCL"]
[Source "ChessBase"]
[SourceDate "1999.07.01"]
[SourceVersion "1"]
[SourceVersionDate "1999.07.01"]
[SourceQuality "1"]

1. d4 Nf6 2. c4 e6 3. Nc3 d5 4. cxd5 exd5 5. Bg5 Be7 6. e3 c6 7. Qc2 Nbd7 8.
Bd3 O-O 9. Nf3 Re8 10. O-O Nf8 11. Rae1 Ne4 12. Bxe7 Qxe7 13. Bxe4 dxe4 14. Nd2
b6 (14... f5 $5) 15. Qa4 (15. Qxe4 Ba6 (15... Qxe4 $2 16. Ncxe4 Ba6 17. Nd6
Red8 18. N6c4) 16. Qxe7 (16. Qxc6 Qb4 $1 $15) 16... Rxe7 17. Ne2 Rd8 $15 (17...
Ne6 $15)) 15... b5 $5 (15... Bd7 16. Ncxe4 c5 17. Qb3 $16) (15... Bb7 16. Ndxe4
$1 b5 17. Qb3 b4 18. Nc5 $14) (15... f5 16. f3 $16) 16. Qc2 (16. Qa5 Bf5 $1 $13
) 16... b4 17. Ne2 (17. Na4 $6 Ba6 18. Nc4 Nd7 {/\c5=/+/}) 17... Ba6 18. Nb3
Bd3 $2 (18... Rad8 $1 19. Nc5 (19. Qxc6 Rd6 {/\Rh6,Qh4->/}) 19... Bb5 20. a4
bxa3 21. bxa3 Rd6 {/\Rh6,Qh4 /}) 19. Qd2 Ne6 20. Rc1 Qb7 21. Nc5 Nxc5 22. Rxc5
Qa6 23. Re1 Bxe2 (23... Qxa2 24. Nc1 Qa6 25. Qxb4) 24. Rxe2 $1 (24. Qxe2 Qxa2
25. Rxc6 a5 $13) 24... Qxa2 25. Qxb4 Reb8 26. Qc4 Qb1+ 27. Qc1 Qxc1+ 28. Rxc1
Rb6 29. Rec2 g6 30. Rxc6 Rxb2 31. Ra6 $16 Rb7 $6 (31... h5 $5) 32. g4 $1 Re8
33. Kg2 Kg7 34. Kg3 Ree7 35. Rca1 h6 36. h4 Rbc7 37. R1a5 (37. R1a2 $1) 37...
Rb7 38. Ra2 g5 39. R2a5 f6 40. h5 Kf7 41. Rc6 Rec7 $6 (41... Re6 $5 42. Rc8 Re8
43. Rc3 Ree7 44. Rca3 Rbc7 45. f3 Rb7 46. fxe4 Rxe4 47. Kf3 Rbe7 48. Ra6 $1 Kg7
49. d5 $18) 42. Rd6 Rb6 (42... Rd7 43. Rxd7+ Rxd7 44. f3 $18) (42... Rb1 43.
Kg2 Rcc1 44. Rxa7+ Ke8 45. Re6+ {/\Re4/}) 43. Rxa7 Rxa7 44. Rxb6 Ra1 45. Kg2
1-0

[Event "Lvov Kotov Memorial"]
[Site "Lvov"]
[Date "1983.??.??"]
[Round "?"]
[White "Chekhov, Valery A"]
[Black "Sveshnikov, Evgeny"]
[Result "1-0"]
[WhiteElo "2510"]
[BlackElo "2505"]
[Annotator "Chekhov,V"]
[PlyCount "75"]
[EventDate "1983.06.??"]
[EventType "tourn"]
[EventRounds "13"]
[EventCountry "URS"]
[EventCategory "9"]
[SourceTitle "MCL"]
[Source "ChessBase"]
[SourceDate "1999.07.01"]
[SourceVersion "1"]
[SourceVersionDate "1999.07.01"]
[SourceQuality "1"]

1. Nf3 d5 2. d4 Nf6 3. c4 e6 4. Nc3 dxc4 5. e3 (5. e4 $5) 5... a6 6. a4 c5 7.
Bxc4 cxd4 (7... Nc6 $5) 8. exd4 Nc6 9. O-O Be7 10. Bg5 O-O 11. Re1 $1 Bd7 (
11... Qa5 $5 12. d5 exd5 13. Bxf6 Bxf6 14. Nxd5 Qd8 15. Qe2 Bg4 (15... Bd7 $5)
16. Rad1 Be5 17. h3 Bxf3 18. Qxf3 $14 {Osnos,V-Anikaev,Y/URS/1983/}) (11... b6
12. d5 $1 $16) (11... Nb4 $5) 12. Qe2 Rc8 13. Rad1 Nd5 (13... Nb4 14. Ne5 $16)
14. Bxd5 Bxg5 15. Be4 Bf6 16. d5 exd5 17. Nxd5 (17. Rxd5 $5) 17... Be6 (17...
Bg4 18. Bxh7+ Kh8 19. Bb1 $18) 18. Nf4 Qb6 $6 (18... Qe7 19. Nxe6 fxe6 $14) 19.
Nxe6 fxe6 20. Qd3 g6 $6 (20... h6 21. Qd7 Rce8 22. Bb1 $16) 21. Bxg6 $1 hxg6 (
21... Rc7 22. Bh5) 22. Qxg6+ Kh8 23. Qh6+ Kg8 24. Qg6+ Kh8 25. Rd7 $1 Ne7 26.
Qh5+ Kg7 27. Ng5 $1 $18 Bxg5 (27... Qxf2+ 28. Kxf2 Bxg5+ 29. Kg1 $18) 28. Qxg5+
Kh8 29. Qh4+ Kg8 30. Rxe7 Rf7 31. Rxf7 Kxf7 32. Qh7+ Kf6 33. h4 Rc4 34. Qh6+
Kf7 35. Qh5+ Kf8 36. Qg6 Ke7 37. Qg7+ Ke8 38. Qf6 1-0

[Event "URS-ch51 Semifinal"]
[Site "Irkutsk"]
[Date "1983.09.??"]
[Round "?"]
[White "Vladimirov, Yevgeniy"]
[Black "Chekhov, Valery A"]
[Result "0-1"]
[WhiteElo "2500"]
[BlackElo "2510"]
[PlyCount "82"]
[EventDate "1983.09.??"]
[EventType "tourn"]
[EventRounds "17"]
[EventCountry "URS"]
[EventCategory "9"]
[SourceTitle "MCD"]
[Source "ChessBase"]
[SourceDate "1999.07.01"]
[SourceVersion "1"]
[SourceVersionDate "1999.07.01"]
[SourceQuality "1"]

1. d4 d5 2. c4 dxc4 3. e3 Nf6 4. Bxc4 e6 5. Nf3 a6 6. O-O c5 7. Qe2 b5 8. Bb3
Bb7 9. Rd1 Nbd7 10. Nc3 Bd6 11. e4 cxd4 12. Rxd4 Bc5 13. Rd3 Ng4 14. Nd1 Qc7
15. Bg5 h6 16. Bd2 Ndf6 17. h3 Ne5 18. Bf4 Nxf3+ 19. Rxf3 Qc6 20. Rg3 Qxe4 21.
Be3 Bxe3 22. Nxe3 O-O 23. Re1 Rad8 24. Ng4 Nxg4 25. Qxe4 Bxe4 26. Rxe4 Nf6 27.
Re2 Rd6 28. Rc3 Rfd8 29. a4 Nd5 30. Bxd5 Rxd5 31. axb5 axb5 32. g3 g5 33. Rb3
Rc8 34. Rb4 h5 35. Kg2 Kg7 36. Re3 Rc2 37. Rf3 f5 38. Rbb3 Rdd2 39. Rxb5 g4 40.
hxg4 hxg4 41. Rf4 Rd1 0-1

[Event "Dresden Eisenbahner Schachturnier"]
[Site "Dresden"]
[Date "1985.12.01"]
[Round "13"]
[White "Chekhov, Valery A"]
[Black "Knaak, Rainer"]
[Result "1-0"]
[WhiteElo "2495"]
[BlackElo "2530"]
[Annotator "Kharitonov,A"]
[PlyCount "59"]
[EventDate "1985.11.18"]
[EventType "tourn"]
[EventRounds "13"]
[EventCountry "DDR"]
[EventCategory "9"]
[SourceTitle "MCL"]
[Source "ChessBase"]
[SourceDate "1999.07.01"]
[SourceVersion "1"]
[SourceVersionDate "1999.07.01"]
[SourceQuality "1"]

1. Nf3 Nf6 2. c4 g6 3. Nc3 d6 4. d4 Nbd7 5. e4 e5 6. Be2 Bg7 7. O-O O-O 8. Be3
c6 9. d5 (9. Qc2 $5 Ng4 10. Bg5 f6 11. Bd2 $13) 9... c5 (9... Ng4 10. Bg5 f6
11. Bd2 (11. Bc1 c5 12. Ne1 Nh6 13. Nd3 f5 14. f4 a6 15. exf5 Nxf5 16. fxe5
Nxe5 17. Nxe5 Bxe5 $10 {Tal,M-Knaak,R/Moscow/1982/1:0/55/}) 11... Qe7 12. b4 f5
13. Ng5 Ndf6 14. h3 Nh6 15. dxc6 bxc6 16. b5 c5 17. a4 $138 {Tseitlin,
Mik-Knaak,R/Moscow/1982/1:0/53/}) 10. Ne1 Ne8 11. Nd3 f5 12. f4 (12. exf5 gxf5
13. f4 e4 14. Nf2 Bxc3 $1 15. bxc3 Ndf6 $13) 12... Nb6 $6 (12... g5 $5 13. fxe5
Nxe5 (13... f4 14. e6 Nb6 15. Nxf4 gxf4 16. Bxf4 $36 {Tal/}) 14. Nxe5 Bxe5 15.
exf5 Bxf5 16. g4 $13 {Tal,M-Nunn,J/London/1984/1:0/45/}) 13. Qb3 exf4 14. Nxf4
Qe7 15. a4 $1 g5 (15... fxe4 16. a5 Nd7 17. Ne6 (17. Bg4 $5 Ndf6 18. Be6+ Kh8
19. Bxc8 Rxc8 20. Ne6 Rf7 21. Rae1 $16) 17... Rxf1+ 18. Rxf1 Ndf6 19. Nxg7 Qxg7
20. Qc2 $44) 16. Ne6 (16. Nh5 $2 f4 17. Nxg7 Nxg7 18. Bd2 Nd7 $17) 16... Bxe6
17. dxe6 f4 (17... Qxe6 18. Bxg5 fxe4 19. a5 Nd7 20. Qxb7 Rb8 21. Qxe4 Qxe4 22.
Nxe4 Rxb2 23. Bg4 $14) 18. a5 $8 fxe3 19. axb6 Rxf1+ 20. Rxf1 a6 (20... Qxe6
21. bxa7 Rxa7 22. Qb6 Ra8 23. Qxb7 Rd8 24. Bg4 $1 Qe5 (24... Qxg4 25. Qf7+ Kh8
26. Qe7 $18 {Chekhov.}) 25. Qf7+ Kh8 26. Rf5 Qd4 27. Be2 $16) (20... axb6 21.
Qxb6) 21. Rf7 (21. Bg4 $5 Bd4 22. Ne2 Ng7 (22... Nf6 23. Bf5 $16) 23. Qd3 h5
24. Bf5 Nxe6 25. Bxe6+ Qxe6 26. Nxd4 $14 {Chekhov.}) 21... Qxe6 22. Rxb7 Bd4 $2
(22... Bxc3 23. bxc3 Qxe4 24. Bf3 $2 (24. Ra7 Rb8 25. h3 $13) 24... e2 $3 $19)
23. Qd1 Ng7 (23... Qc8 24. Re7 Qd8 25. Nd5 {P f1+-/}) (23... Nf6 24. Qf1 Rf8
25. Qf5 Qxf5 26. exf5 $16) 24. Nd5 $18 Re8 (24... Kh8 25. Re7 Qg6 26. b7 Rb8
27. Qa4 $18) (24... Qxe4 25. Re7 Qf5 26. b7 Rf8 27. Rc7 Kh8 28. Ne7 Qf2+ 29.
Kh1 $18) 25. Rc7 Kh8 26. b7 g4 27. Re7 $1 (27. Re7 Qg8 28. Rxe8 Qxe8 29. Qb3
Qb8 30. Ne7 $18) 27... Qg8 28. Rxe8 Qxe8 29. Qb3 Qb8 30. Ne7 1-0

[Event "Halle DSV"]
[Site "Halle"]
[Date "1987.??.??"]
[Round "?"]
[White "Knaak, Rainer"]
[Black "Chekhov, Valery A"]
[Result "0-1"]
[WhiteElo "2530"]
[BlackElo "2505"]
[PlyCount "100"]
[EventDate "1987.10.18"]
[EventType "tourn"]
[EventRounds "13"]
[EventCountry "DDR"]
[EventCategory "10"]
[SourceTitle "CBM 005"]
[Source "ChessBase"]
[SourceDate "1988.08.01"]
[SourceVersion "1"]
[SourceVersionDate "1988.08.01"]
[SourceQuality "1"]

1. d4 Nf6 2. c4 g6 3. Nc3 Bg7 4. Bg5 h6 5. Bh4 O-O 6. e3 d6 7. Be2 Nbd7 8. Nf3
c6 9. Qc2 a6 10. O-O b5 11. a3 Bb7 12. Rfd1 bxc4 13. Bxc4 g5 14. Bg3 Nh5 15.
Ba2 Rb8 16. e4 Nxg3 17. hxg3 g4 18. Nh4 e6 19. e5 dxe5 20. dxe5 Qe7 21. Ne4
Nxe5 22. Nc5 Rbd8 23. Rxd8 Rxd8 24. Re1 Bc8 25. b4 Qd6 26. Ne4 Qd3 27. Qc1 Qd4
28. Qb1 Nd3 29. Re2 Qa1 30. Rd2 Rd7 31. Qxa1 Bxa1 32. Bc4 Ne1 33. Rxd7 Bxd7 34.
Bxa6 Nc2 35. Nc5 Be8 36. Nb3 Bc3 37. a4 Nxb4 38. Be2 f5 39. a5 Be5 40. Nc5 Kf7
41. a6 Bb8 42. Bc4 Nd5 43. Nb7 Ke7 44. Kf1 Ba7 45. Ke1 h5 46. Kf1 Nc3 47. f3
Nb5 48. Na5 Bb6 49. Nb3 Kf6 50. Bd3 Bd7 0-1

[Event "Thaelmann Memorial"]
[Site "Berlin East"]
[Date "1988.??.??"]
[Round "4"]
[White "Chekhov, Valery A"]
[Black "Knaak, Rainer"]
[Result "1-0"]
[WhiteElo "2480"]
[BlackElo "2525"]
[PlyCount "79"]
[EventDate "1988.04.05"]
[EventType "tourn"]
[EventRounds "9"]
[EventCountry "DDR"]
[EventCategory "11"]
[SourceTitle "EXT 1999"]
[Source "ChessBase"]
[SourceDate "1998.11.16"]
[SourceVersion "1"]
[SourceVersionDate "1998.11.16"]
[SourceQuality "1"]

1. d4 e6 2. Nf3 f5 3. g3 Nf6 4. Bg2 d5 5. O-O Bd6 6. c4 c6 7. b3 Qe7 8. Bb2 O-O
9. Qc1 Bd7 10. Ba3 Be8 11. Bxd6 Qxd6 12. Qa3 Qc7 13. Nc3 Bh5 14. Rac1 Qd8 15.
Qb4 Bxf3 16. exf3 a5 17. Qa4 Nbd7 18. Qa3 Qb6 19. Rfd1 Qb4 20. Nb1 dxc4 21.
bxc4 e5 22. dxe5 Nxe5 23. f4 Ned7 24. Qd3 Qc5 25. Nd2 a4 26. Nf3 Rfe8 27. Rb1
Rab8 28. Rd2 Re7 29. Rdb2 Ne4 30. Qd4 Rbe8 31. Rxb7 Qxd4 32. Nxd4 Nd2 33. Bxc6
Nxb1 34. Bxd7 Nc3 35. c5 Rd8 36. c6 Nd5 37. Be6+ Kf8 38. Bxd5 Rxd5 39. c7 Re8
40. Rb8 1-0

[Event "Thaelmann Memorial"]
[Site "Berlin East"]
[Date "1988.??.??"]
[Round "7"]
[White "Boensch, Uwe"]
[Black "Chekhov, Valery A"]
[Result "0-1"]
[WhiteElo "2575"]
[BlackElo "2480"]
[PlyCount "58"]
[EventDate "1988.04.05"]
[EventType "tourn"]
[EventRounds "9"]
[EventCountry "DDR"]
[EventCategory "11"]
[SourceTitle "EXT 2001"]
[Source "ChessBase"]
[SourceDate "2000.11.22"]
[SourceVersion "1"]
[SourceVersionDate "2000.11.22"]
[SourceQuality "1"]

1. d4 d5 2. c4 c6 3. Nc3 Nf6 4. e3 e6 5. Nf3 Nbd7 6. Qc2 Bd6 7. Be2 O-O 8. O-O
Qe7 9. e4 dxe4 10. Nxe4 Nxe4 11. Qxe4 e5 12. c5 exd4 13. Qxd4 Bxc5 14. Qc4 h6
15. b4 Bxb4 16. Bb2 Nb6 17. Qd4 f6 18. Bd1 Bf5 19. Bb3+ Kh8 20. a3 Bc5 21. Qf4
Bh7 22. Rfe1 Qd6 23. Qg4 Rae8 24. Be6 Nd5 25. Nd4 Bxd4 26. Bxd4 Nf4 27. Rad1
Rxe6 28. Rxe6 Nxe6 29. Bxf6 Qf4 0-1

[Event "CHN-CIS"]
[Site "Beijing"]
[Date "1991.??.??"]
[Round "?"]
[White "Chekhov, Valery A"]
[Black "Ye, Rongguang"]
[Result "1-0"]
[WhiteElo "2525"]
[BlackElo "2515"]
[PlyCount "59"]
[EventDate "1991.??.??"]
[EventType "team"]
[EventRounds "9"]
[EventCountry "CHN"]
[SourceTitle "CBM 028"]
[Source "ChessBase"]
[SourceDate "1992.06.01"]
[SourceVersion "1"]
[SourceVersionDate "1992.06.01"]
[SourceQuality "1"]

1. d4 d5 2. c4 dxc4 3. Nf3 a6 4. e3 Nf6 5. Bxc4 e6 6. O-O c5 7. b3 b5 8. Be2
Bb7 9. Bb2 Nbd7 10. a4 Qb6 11. axb5 axb5 12. Rxa8+ Bxa8 13. Na3 Bc6 14. dxc5
Bxc5 15. Nd4 Bd5 16. Naxb5 Qb7 17. Nf3 O-O 18. Qc2 Bc6 19. Nbd4 Be4 20. Bd3
Bxd3 21. Qxd3 e5 22. Nf5 e4 23. Qc4 exf3 24. Bxf6 fxg2 25. Rd1 Nxf6 26. Qxc5
Re8 27. Nd4 Ne4 28. Qc6 Qb8 29. b4 Rd8 30. Qxe4 1-0

[Event "Leningrad op"]
[Site "Leningrad"]
[Date "1991.??.??"]
[Round "?"]
[White "Chekhov, Valery A"]
[Black "Kuzmin, Gennadi P"]
[Result "1-0"]
[WhiteElo "2515"]
[BlackElo "2535"]
[PlyCount "79"]
[EventDate "1991.??.??"]
[EventType "swiss"]
[EventRounds "9"]
[EventCountry "URS"]
[SourceTitle "TD"]
[Source "ChessBase"]
[SourceDate "1994.03.01"]
[SourceVersion "1"]
[SourceVersionDate "1994.03.01"]
[SourceQuality "1"]

1. d4 Nf6 2. c4 e6 3. Nc3 Bb4 4. e3 O-O 5. Bd3 d6 6. Nge2 e5 7. O-O Re8 8. a3
Bxc3 9. Nxc3 Nbd7 10. Bc2 h6 11. d5 Nf8 12. f3 Ng6 13. b3 Bd7 14. Bb2 a6 15. a4
Qb8 16. Bd3 Qa7 17. Qd2 Rf8 18. Kh1 Rae8 19. a5 Nh7 20. Rae1 f5 21. f4 b6 22.
Ne2 bxa5 23. Ng3 a4 24. bxa4 Nf6 25. Bxf5 Bxf5 26. Nxf5 Qc5 27. Qd3 exf4 28.
Nxh6+ Kh7 29. Nf5 Ne4 30. Nd4 Qb4 31. Ba1 Qxa4 32. Ne6 Nc5 33. Nxf8+ Rxf8 34.
Qd4 Qd7 35. exf4 Rf7 36. h3 a5 37. Bb2 a4 38. Rf3 Ne5 39. fxe5 Rxf3 40. Qh4+
1-0

[Event "Krumbach op"]
[Site "Krumbach"]
[Date "1991.??.??"]
[Round "6"]
[White "Dautov, Rustem"]
[Black "Chekhov, Valery A"]
[Result "0-1"]
[WhiteElo "2570"]
[BlackElo "2515"]
[PlyCount "106"]
[EventDate "1991.03.29"]
[EventType "swiss"]
[EventRounds "10"]
[EventCountry "GER"]
[SourceTitle "TD"]
[Source "ChessBase"]
[SourceDate "1994.03.01"]
[SourceVersion "1"]
[SourceVersionDate "1994.03.01"]
[SourceQuality "1"]

1. c4 e5 2. Nc3 Bb4 3. g3 Bxc3 4. bxc3 d6 5. Bg2 Nc6 6. Rb1 Nge7 7. Nf3 O-O 8.
O-O b6 9. d3 f6 10. e4 Be6 11. Nh4 Qd7 12. f4 exf4 13. gxf4 f5 14. exf5 Nxf5
15. Nxf5 Bxf5 16. Qf3 Ne7 17. Bd2 Rae8 18. Rbe1 Ng6 19. d4 Nh4 20. Qc6 Nxg2 21.
Qxd7 Bxd7 22. Kxg2 Be6 23. c5 Bxa2 24. Re3 Rxe3 25. Bxe3 a5 26. Ra1 Bb3 27. Re1
Re8 28. Kf2 Kf7 29. cxb6 cxb6 30. Bc1 Rxe1 31. Kxe1 Ke6 32. Ba3 Kd5 33. Kd2 b5
34. Kd3 Bd1 35. Kd2 Bg4 36. Kc2 Bh3 37. Kb3 h5 38. Kc2 Bf5+ 39. Kb3 h4 40. Bc1
Ke4 41. Bd2 d5 42. Be1 h3 43. Bg3 Ke3 44. Ka3 Bg6 45. Kb3 Bd3 46. Ka3 Bc4 47.
Kb2 a4 48. Ka3 Kd2 49. Kb2 a3+ 50. Kxa3 Kxc3 51. Be1+ Kxd4 52. Bf2+ Ke4 53. Kb4
d4 0-1

[Event "Peer Gynt"]
[Site "Gausdal"]
[Date "1991.??.??"]
[Round "5"]
[White "Ostenstad, Berge"]
[Black "Chekhov, Valery A"]
[Result "0-1"]
[WhiteElo "2475"]
[BlackElo "2525"]
[PlyCount "62"]
[EventDate "1991.07.??"]
[EventType "swiss"]
[EventRounds "9"]
[EventCountry "NOR"]
[SourceTitle "TD"]
[Source "ChessBase"]
[SourceDate "1994.03.01"]
[SourceVersion "1"]
[SourceVersionDate "1994.03.01"]
[SourceQuality "1"]

1. Nf3 c5 2. c4 g6 3. d4 Bg7 4. e4 Qa5+ 5. Nc3 d6 6. Be2 Bg4 7. d5 Bxf3 8. gxf3
Nf6 9. Be3 O-O 10. Qd2 Na6 11. f4 Nc7 12. h4 a6 13. e5 Nfe8 14. h5 dxe5 15.
fxe5 Bxe5 16. f4 Bxc3 17. bxc3 Nd6 18. Bd3 f5 19. Rc1 Rf7 20. Bf2 Re8 21. hxg6
hxg6 22. Qe3 b6 23. Qe5 Rg7 24. Rc2 Qa4 25. Rb2 Nxc4 26. Bxc4 Qxc4 27. Rxb6
Qxd5 28. Rh6 Rd8 29. Qxd5+ Nxd5 30. Rxa6 Nxf4 31. Bg3 Nd3+ 0-1

[Event "RUS-chT 01st"]
[Site "Podolsk"]
[Date "1992.??.??"]
[Round "?"]
[White "Chekhov, Valery A"]
[Black "Sveshnikov, Evgeny"]
[Result "1-0"]
[WhiteElo "2550"]
[BlackElo "2560"]
[PlyCount "119"]
[EventDate "1992.??.??"]
[EventType "team"]
[EventRounds "12"]
[EventCountry "RUS"]
[SourceTitle "EXT 2020"]
[Source "ChessBase"]
[SourceDate "2019.10.17"]
[SourceVersion "1"]
[SourceVersionDate "2019.10.17"]
[SourceQuality "1"]
[BlackTeam "Chelyabinsk Poliot"]
[BlackTeamCountry "RUS"]

1. e4 c5 2. Nf3 Nc6 3. Bb5 e6 4. O-O Nge7 5. c3 d5 6. exd5 Qxd5 7. Re1 Bd7 8.
Na3 Ng6 9. Bf1 Be7 10. d4 cxd4 11. Nb5 O-O-O 12. cxd4 e5 13. dxe5 Qxd1 14. Rxd1
Bg4 15. Rxd8+ Rxd8 16. Be3 Kb8 17. Nfd4 Ngxe5 18. Nxc6+ Nxc6 19. Bf4+ Kc8 20.
Rc1 Kd7 21. h3 Be6 22. a3 a6 23. Rd1+ Kc8 24. Nd6+ Bxd6 25. Rxd6 Rxd6 26. Bxd6
b5 27. Bd3 Kd7 28. Bf4 g6 29. Kf1 Na5 30. Ke2 Bc4 31. Bd2 Bxd3+ 32. Kxd3 Nc6
33. Ke4 Ke6 34. g4 h5 35. gxh5 gxh5 36. Bc3 f6 37. f3 Nb8 38. f4 f5+ 39. Kd4
Nd7 40. Ba5 Nf6 41. Kc5 Ne4+ 42. Kb6 Nf2 43. h4 Kd5 44. Kxa6 Kc4 45. Bd2 Nd3
46. b3+ Kxb3 47. Kxb5 Kxa3 48. Kc4 Nf2 49. Kd5 Kb3 50. Ke6 Kc2 51. Be1 Nd3 52.
Bg3 Kd2 53. Kxf5 Ke3 54. Kg5 Kf3 55. Bh2 Kg2 56. Kxh5 Kxh2 57. Kg4 Kg2 58. h5
Nf2+ 59. Kf5 Kf3 60. h6 1-0

[Event "Moscow Tal Memorial"]
[Site "Moscow"]
[Date "1992.??.??"]
[Round "?"]
[White "Chekhov, Valery A"]
[Black "Savchenko, Stanislav"]
[Result "1-0"]
[WhiteElo "2535"]
[BlackElo "2505"]
[PlyCount "65"]
[EventDate "1992.08.??"]
[EventType "swiss"]
[EventRounds "9"]
[EventCountry "RUS"]
[SourceTitle "EXT 1997"]
[Source "ChessBase"]
[SourceDate "1996.11.15"]
[SourceVersion "1"]
[SourceVersionDate "1996.11.15"]
[SourceQuality "1"]

1. c4 e6 2. Nf3 d5 3. g3 Nf6 4. Bg2 Be7 5. O-O O-O 6. b3 c5 7. Bb2 Nc6 8. cxd5
exd5 9. d4 Bg4 10. Nc3 Rc8 11. dxc5 Bxc5 12. Rc1 Re8 13. Nxd5 Bxf2+ 14. Rxf2
Nxd5 15. Ne5 Nxe5 16. Rxc8 Bxc8 17. Qxd5 Qc7 18. Rf4 Nc6 19. Qg5 Ne5 20. Rc4
Qb6+ 21. Bd4 f6 22. Qxe5 fxe5 23. Bxb6 axb6 24. Kf2 h5 25. Ke3 Bg4 26. Bxb7 Rd8
27. Rb4 Rd6 28. Bf3 Bxf3 29. Kxf3 Kf7 30. a4 Kf6 31. Ke4 Rd2 32. Rxb6+ Kg5 33.
Ke3 1-0